000 01026cab a2200253 4500
001 WB3436-17
008 090401t1998 xxu||||| |||| 00| 0 eng d
035 _a(Sirsi) u88619
041 _aeng
245 _aMeacher promises access law
260 _c1998
350 _a0
490 _aGuardian
_v21 September 1998, 10
490 _aIndependent on Sunday
_v20 September 1998, 12(2)
520 _aThe Environment Minister, Michael Meacher, has promised Government action to guarantee a right to roam, following the lack of progress made by landowners on a voluntary basis. The Country Landowners` Association are facing accusations that their list of sites open to the public is misleading since it contains land which is accessible only on payment of a fee.
650 _aACCESS 2000
650 _aACCESS TO LAND
650 _aCOUNTRY LANDOWNERS ASSOCIATION
650 _aRAMBLERS ASSOCIATION
650 _aRIGHT TO ROAM
690 _aHIGHWAYS RIGHTS OF WAY AND EASEMENTS
942 _n0
948 _c23/09/1998
999 _c56020
_d56020